| 000 | 01650cam a22004097a 4500 | ||
|---|---|---|---|
| 001 | 10468910 | ||
| 003 | OSt | ||
| 005 | 20211101102807.0 | ||
| 006 | m d | ||
| 007 | cr n | ||
| 008 | 050906s2006 gw a sb 001 0 eng d | ||
| 016 | 7 |
_a973670800 _2GyFmDB |
|
| 020 | _a3540251618 (English edition : pbk.) | ||
| 035 | _a(WaSeSS)ssj0000246141 | ||
| 038 | _akhadija | ||
| 040 |
_aOHX _cOHX _dHNK _dNIC _dDLC _dWaSeSS |
||
| 041 | 1 |
_aeng _hger |
|
| 050 | 4 |
_aTJ756 _b.V47 2006 |
|
| 072 | 7 |
_aTJ _2lcco |
|
| 082 | 0 | 0 |
_a621.43 _222 _bMER |
| 130 | 0 |
_aVerbrennungsmotoren. _lEnglish _983570 |
|
| 210 | 1 | 0 | _aSimulating combustion |
| 245 | 1 | 0 |
_aSimulating Combustion : _bsimulation of combustion and pollutant formation for engine-development / _cGünter P. Merker |
| 260 |
_aBerlin ; _aNew York : _bSpringer, _cc2006. |
||
| 500 | _a"Originally published as Verbrennungsmotoren. Simulation der Verbrennung und Schadstoffbildung."--T.p. verso. | ||
| 504 | _aIncludes bibliographical references (p. [382]-390) and index. | ||
| 506 | _aLicense restrictions may limit access. | ||
| 563 | _aPB | ||
| 650 | 0 |
_aInternal combustion engines _xCombustion _xMathematical models. _983571 |
|
| 650 | 0 |
_aCombustion gases _xMathematical models. _983572 |
|
| 650 | 0 |
_aAutomobiles _xMotors _xExhaust gas _xMathematical models. _983573 |
|
| 700 | 1 |
_aMerker, Günter P. _q(Günter Peter) _983574 |
|
| 773 | 0 | _tSpringerLink ebooks - Engineering (2006) | |
| 856 | 4 | 0 |
_uhttp://www.columbia.edu/cgi-bin/cul/resolve?clio10468910 _zFull text available from SpringerLink ebooks - Engineering (2006) |
| 910 | _aLibrary of Congress record | ||
| 942 |
_2ddc _cBK |
||
| 999 |
_c31793 _d31793 |
||